Sport tourism : (Record no. 133364)

MARC details
000 -LEADER
fixed length control field 00815nam a22002657a 4500
003 - CONTROL NUMBER IDENTIFIER
control field 0
005 - DATE AND TIME OF LATEST TRANSACTION
control field 20180723120605.0
008 - FIXED-LENGTH DATA ELEMENTS--GENERAL INFORMATION
fixed length control field 0
010 ## - LIBRARY OF CONGRESS CONTROL NUMBER
LC control number B-226254
020 ## - INTERNATIONAL STANDARD BOOK NUMBER
Terms of availability 395.00
International Standard Book Number 8130903032
035 ## - SYSTEM CONTROL NUMBER
System control number B-226254, B-226255
037 ## - SOURCE OF ACQUISITION
Source of stock number/acquisition Cen Lib/Ret
040 ## - CATALOGING SOURCE
Original cataloging agency DPL
Language of cataloging EN
Transcribing agency 0
082 ## - DEWEY DECIMAL CLASSIFICATION NUMBER
Classification number 338.4791
Item number SPO
245 ## - TITLE STATEMENT
Title Sport tourism :
Statement of responsibility, etc edited by Brent W. Ritchie [and] Daryl Adair
Remainder of title interrelationships, impact and issues /
260 ## - PUBLICATION, DISTRIBUTION, ETC. (IMPRINT)
Place of publication, distribution, etc New Delhi
Name of publisher, distributor, etc Viva books
Date of publication, distribution, etc 2006
270 ## - ADDRESS
Address 4262/3, Ansari road, Daryaganj
City New Delhi
Postal code 110002
300 ## - PHYSICAL DESCRIPTION
Extent x,302p.
Dimensions 22cm(pbk)
490 ## - SERIES STATEMENT
Series statement Aspects of tourism
650 ## - SUBJECT ADDED ENTRY--TOPICAL TERM
Topical term or geographic name as entry element Sport tourism
9 (RLIN) 18759
650 ## - SUBJECT ADDED ENTRY--TOPICAL TERM
Topical term or geographic name as entry element Travel and Tourism
9 (RLIN) 37726
700 ## - ADDED ENTRY--PERSONAL NAME
Personal name Ritchie Brent W.
9 (RLIN) 37705
700 ## - ADDED ENTRY--PERSONAL NAME
Personal name Adair, Daryl
9 (RLIN) 37727
942 ## - ADDED ENTRY ELEMENTS (KOHA)
Source of classification or shelving scheme Dewey Decimal Classification
Koha item type English Books
Classification part 338.4791
Call number suffix SPO
Holdings
Withdrawn status Lost status Damaged status Not for loan Home library Current library Date acquired Source of acquisition Cost, normal purchase price Total Checkouts Full call number Barcode Date last seen Copy number Cost, replacement price Price effective from Koha item type Source of classification or shelving scheme Collection code Date checked out
        Central Library Central Library 25/07/2015 Cen Lib/Ret 395.00   338.4791 SPO B-226254 25/07/2015 1 395.00 25/07/2015 English Books      
        Patel Nagar Patel Nagar 23/07/2018 BPPD/PUB 395.00 1 338.4791 SPO B-226255 18/10/2018   395.00 23/07/2018 English Books Dewey Decimal Classification Non-fiction 03/10/2018

© Delhi Public Library
Hit Counter
free hit counter